00505pab a2200169 454500008004000000100001600040245005100056260000900107300001300116362001100129650001900140773003400159908000600193909001100199999001900210952010600229180718b2013 xxu||||| |||| 00| 0 eng d aSidhu, B.K. aIndia and the challenge of the melting article c2013 ap.17-19. a27 Jul aArctic council aEconomic and Political Weekly aN a101349 c101347d101347 00104070aIIPAbIIPAd2018-07-19hVolume no: 48, Issue no: 30pAR101809r2018-07-19w2018-07-19yAR